000 00799nam a2200265Ia 4500
005 20220316235214.0
008 121119s2001 sp gr 000 p spa
020 _a8437614651
041 0 _aspa
100 1 _aRimbaud, Jean Nicolas Arthur,
_d1854-1891
245 1 0 _aPoesías completas
_cArthur Rimbaud
250 _aTercera edición
264 1 _aMadrid
_bEdiciones Catedra
_c2001
300 _a592 páginas
336 _atexto
_btxt
_2rdacontent
337 _asin mediación
_bn
_2rdamedia
338 _avolumen
_bnc
_2rdacarrier
490 0 _aLetras universales
546 _aEdición bilingue francés
650 1 4 _2LEMB
_aLiteratura francesa
_ySiglo XIX
650 1 4 _2LEMB
_aPoesía francesa
_ySiglo XIX
942 _2loc
_cBKLIT
040 _aCO-BoRNBP
_bspa
_erda
_cCO-BoRNBP
084 _aP RIM1
999 _c228
_d228